Problems and key factors of CRM implementation

CRM (Customer relationship management) a implementácia CRM stratégie. Hodnotová reťaz CRM. Situácia v slovenských podnikoch. Kľúčové elementy ovplyvňujúce budovanie CRM systému vo firme. Výhody CRM.

Salvato in:
Dettagli Bibliografici
Autore principale: Lendel, Viliam
Natura: Capitolo di libro
Lingua:inglese
Soggetti:
Tags: Aggiungi Tag
Nessun Tag, puoi essere il primo ad aggiungerne!!

MARC

LEADER 00000naa$a2200000$$$4500
001 0114617
005 20220715122242.1
041 0 |a eng 
044 |a SK 
245 1 0 |a Problems and key factors of CRM implementation  |c Viliam Lendel 
520 |a CRM (Customer relationship management) a implementácia CRM stratégie. Hodnotová reťaz CRM. Situácia v slovenských podnikoch. Kľúčové elementy ovplyvňujúce budovanie CRM systému vo firme. Výhody CRM. 
610 2 0 |a systém CRM 
610 2 0 |a podnik 
610 2 0 |a Slovensko 
100 1 |a Lendel, Viliam